| 000 | 00641cam a2200229 4500 | ||
|---|---|---|---|
| 001 | B2396 | ||
| 008 | 090401t1989 xxu||||| |||| 00| 0 eng d | ||
| 035 | _a(Sirsi) u49827 | ||
| 041 | _aeng | ||
| 050 | _a346.4104344 | ||
| 100 | _aAldridge, Trevor M. | ||
| 245 | _aRent control and leasehold enfranchisement | ||
| 250 | _a9th ed. | ||
| 260 |
_aLondon _bLongman _c1989 |
||
| 300 | _axxix,186p. ; 22cm. | ||
| 350 | _a32.5 | ||
| 490 | _aLongman Practitioner Series | ||
| 650 | _aASSURED TENANCIES | ||
| 650 | _aPROPERTY-RESIDENTIAL PROPERTY-RESIDENTIAL LANDLORD AND TENANT-RESIDENTIAL TENANCIES | ||
| 942 | _n0 | ||
| 948 | _c04/03/1997 | ||
| 999 |
_c92602 _d92602 |
||